00829nam a2200229 i 450000100060000000300090000600700030001500800410001802000180005910000300007724501010010726000370020830000200024550000120026550400200027750500700029770000320036770000390039985200220043899900170046095201220047741089ES-MaACLt|030307s1986 sp ||||1| spa d a84-7684-013-61 aCarmona, Fernando.93534010aLírica románica medieval / cFernando Carmona, Carmen Hernández, José Antonio Trigueros. aMurcia : bUniverdidad, c[1986] a1 v. ; c20 cm. aIndice. aBibliografía.8 aContiene: V. I: Desde los orígenes hasta finales del siglo XIII1 aHernández, Carmen.9627941 aTrigueros, José Antonio.9111417 aES-MaACLjP- 1697 c41089d41089 00102udc4070aATENEOMbATENEOMcDEPO2d2008-01-17l0oP-1697p1043258r2023-02-23 00:00:00w2023-02-23yMONOGRAFIA